<?xml version="1.0" encoding="UTF-8"?><?xml-stylesheet type="text/xsl" href="static/style.xsl"?><OAI-PMH xmlns="http://www.openarchives.org/OAI/2.0/" xmlns:xsi="http://www.w3.org/2001/XMLSchema-instance" xsi:schemaLocation="http://www.openarchives.org/OAI/2.0/ http://www.openarchives.org/OAI/2.0/OAI-PMH.xsd"><responseDate>2026-06-30T04:25:35Z</responseDate><request verb="GetRecord" identifier="oai:riubu.ubu.es:10259/5484" metadataPrefix="marc">https://riubu.ubu.es/oai/request</request><GetRecord><record><header><identifier>oai:riubu.ubu.es:10259/5484</identifier><datestamp>2024-05-14T09:48:44Z</datestamp><setSpec>com_10259_4393</setSpec><setSpec>com_10259_5086</setSpec><setSpec>com_10259_2604</setSpec><setSpec>col_10259_4394</setSpec></header><metadata><record xmlns="http://www.loc.gov/MARC21/slim" xmlns:doc="http://www.lyncode.com/xoai" xmlns:xsi="http://www.w3.org/2001/XMLSchema-instance" xmlns:dcterms="http://purl.org/dc/terms/" xsi:schemaLocation="http://www.loc.gov/MARC21/slim http://www.loc.gov/standards/marcxml/schema/MARC21slim.xsd">
<leader>00925njm 22002777a 4500</leader>
<datafield tag="042" ind1=" " ind2=" ">
<subfield code="a">dc</subfield>
</datafield>
<datafield tag="720" ind1=" " ind2=" ">
<subfield code="a">Suárez García, Andrés</subfield>
<subfield code="e">author</subfield>
</datafield>
<datafield tag="720" ind1=" " ind2=" ">
<subfield code="a">Diez Mediavilla, Montserrat</subfield>
<subfield code="e">author</subfield>
</datafield>
<datafield tag="720" ind1=" " ind2=" ">
<subfield code="a">Granados López, Diego</subfield>
<subfield code="e">author</subfield>
</datafield>
<datafield tag="720" ind1=" " ind2=" ">
<subfield code="a">González Peña, David</subfield>
<subfield code="e">author</subfield>
</datafield>
<datafield tag="720" ind1=" " ind2=" ">
<subfield code="a">Alonso Tristán, Cristina</subfield>
<subfield code="e">author</subfield>
</datafield>
<datafield tag="260" ind1=" " ind2=" ">
<subfield code="c">2020-01</subfield>
</datafield>
<datafield tag="520" ind1=" " ind2=" ">
<subfield code="a">Sky classification is a complex problem, due in part to such abstract conceptual definitions as clear, intermediate, and overcast, as well as other intermediate ranges. The CIE (Commission Internationale de L’Éclairage) Standard classification offers a solution to this problem, although its application requires data on the luminance distribution of the whole sky that are less commonly available. A benchmarking and classification system of ten meteorological indices is introduced in this study to classify the sky types from overcast to clear. The indices can be calculated from measurements of global, diffuse, and direct irradiance that are widely available from meteorological ground stations. The classification system uses confusion matrices, a machine-learning tool that generates a visual display of the results of supervised-learning algorithms. The CIE Standard skies classification, applied to half hourly sky-scanner measurements in Burgos (Spain), over the period June 2016 - May 2017, is used in this study as a baseline reference for a comparative review of the results from the meteorological indices and their results. They are classified by four performance ratings: Accuracy, Jaccard, Cohen, and Matthews, which feature both classification similarity and the randomness of any agreement. All meteorological indices yielded a high average degree of accuracy - close to 80% - in a detailed review of their classification. Neverthless, the results suggested that Perez’s Clearness Index based on global, diffuse and direct radiation measurements offered the most precise classification of the skies, followed closely by the Klucher Clearness Index and the Perraudeau Nebulosity Index.</subfield>
</datafield>
<datafield tag="024" ind2=" " ind1="8">
<subfield code="a">0038-092X</subfield>
</datafield>
<datafield tag="024" ind2=" " ind1="8">
<subfield code="a">http://hdl.handle.net/10259/5484</subfield>
</datafield>
<datafield tag="024" ind2=" " ind1="8">
<subfield code="a">10.1016/j.solener.2019.11.060</subfield>
</datafield>
<datafield ind1=" " ind2=" " tag="653">
<subfield code="a">Clearness index</subfield>
</datafield>
<datafield ind1=" " ind2=" " tag="653">
<subfield code="a">Sky classification</subfield>
</datafield>
<datafield ind1=" " ind2=" " tag="653">
<subfield code="a">CIE standard</subfield>
</datafield>
<datafield ind1=" " ind2=" " tag="653">
<subfield code="a">Cloudiness classification</subfield>
</datafield>
<datafield ind1=" " ind2=" " tag="653">
<subfield code="a">Meteorological indices</subfield>
</datafield>
<datafield tag="245" ind1="0" ind2="0">
<subfield code="a">Benchmarking of meteorological indices for sky cloudiness classification</subfield>
</datafield>
</record></metadata></record></GetRecord></OAI-PMH>